Portugiesisch die Tage und Monate lernen - Statistiken

Allgemein
  • Dieses Quiz wurde 2 mal gespielt
  • Das Durchschnittsergebnis liegt bei 9 aus 19
Antwortstatistiken
Deutsch Portugiesisch % Korrekt
August Agosto
100%
April Abril
50%
Dezember Dezembro
50%
Sonntag Domingo
50%
Februar Fevereiro
50%
Januar Janeiro
50%
Mai Maio
50%
März Março
50%
November Novembro
50%
Mittwoch Quarta-feira
50%
Donnerstag Quinta-feira
50%
Samstag Sábado
50%
Montag Segunda-feira
50%
September Setembro
50%
Freitag Sexta-feira
50%
Dienstag Terça-feira
50%
Juli Julho
0%
Juni Junho
0%
Oktober Outubro
0%
Keine übereinstimmenden Quizze gefunden
Verteilung der Resultate
Anzahl Personen mit jedem Resultat
Perzentil nach korrekt beantworteten Fragen
Ihre Resultats-Entwicklung
Sie haben dieses Quiz noch nicht gespielt